La imagen poética en la obra narrativa de Juan Rulfo / (Record no. 186797)

MARC details
000 -LEADER
campo de control de longitud fija 00670nam a2200193 i 4500
001 - NÚMERO DE CONTROL
campo de control 186797
003 - IDENTIFICADOR DE NÚMERO DE CONTROL
campo de control SpMaBN
005 - FECHA Y HORA DE LA ÚLTIMA TRANSACCIÓN
campo de control 20231230063012.0
008 - DATOS DE LONGITUD FIJA--INFORMACIÓN GENERAL
campo de control de longitud fija 170216s1984 ck |||| | spa d
080 ## - NÚMERO DE LA CLASIFICACIÓN DECIMAL UNIVERSAL
Número de la Clasificación Decimal Universal 821.134.2(72) Rulfo, Juan 1.07
100 1# - ENTRADA PRINCIPAL--NOMBRE DE PERSONA
Nombre de persona Palacios, Eduardo,
Fechas asociadas al nombre 1944-
9 (RLIN) 159491
245 13 - MENCIÓN DEL TÍTULO
Título La imagen poética en la obra narrativa de Juan Rulfo /
Mención de responsabilidad, etc. Eduardo Palacios.
260 ## - PUBLICACIÓN, DISTRIBUCIÓN, ETC.
Lugar de publicación, distribución, etc. [Colombia :
Nombre del editor, distribuidor, etc. E. Palacios,
Fecha de publicación, distribución, etc. 1984] (
Fabricante Ed. Quingráficas)
300 ## - DESCRIPCIÓN FÍSICA
Extensión 216 p. ;
Dimensiones 23 cm.
504 ## - NOTA DE BIBLIOGRAFÍA, ETC.
Nota de bibliografía, etc. Bibliografía: p. 209-216.
600 14 - PUNTO DE ACCESO ADICIONAL DE MATERIA--NOMBRE DE PERSONA
Nombre de persona Rulfo, Juan (
Fechas asociadas al nombre 1917-1986)-
Subdivisión general Crítica e interpretación.
9 (RLIN) 173453
852 ## - LOCALIZACIÓN
Ubicación ES-MaACL
Número de control de estantería F-3047
Holdings
Estatus retirado Estado de pérdida Estado de daño No para préstamo Biblioteca de origen Biblioteca actual Ubicación en estantería Fecha de adquisición Fuente de adquisición Total de préstamos Signatura topográfica completa Código de barras Visto por última vez Precio de reemplazo Tipo de ítem Koha
        Biblioteca del Ateneo de Madrid Biblioteca del Ateneo de Madrid Depósito 2 16/02/2017     F-3047 1197037 23/02/2023 23/02/2023 Libro impreso